000 00575nam a2200181 a 4500
005 20240607063638.0
008 991125s1897 mx 000 0 spa u
035 _aUPN01000056337
049 _aCE
050 4 _aLB14.5
_bC3.7
100 1 _aCadena, Longinos,
_d1862-1933
_928621
245 1 0 _aTeoría y práctica de la educación y la enseñanza :
_bensayo filosófico /
_cLonginos Cadena.
260 _aMéxico :
_bTalleres de la Librería Religiosa,
_c1897.
300 _a442 p.
520 _aFotocopia
650 2 _aEducación
_xFilosofía
_zMéxico
_915786
905 _aLibro
999 _c56337
_d56337